| 000 | 01240nam a2200313 i 4500 | ||
|---|---|---|---|
| 005 | 20210727153342.0 | ||
| 007 | ta | ||
| 008 | 200419s2008 ck a gr 000 0 spa d | ||
| 020 | _a9789583010859 | ||
| 040 |
_aCO-BoRNBP _bspa _erda _cCO-BoRNBP |
||
| 041 | 0 | _aspa | |
| 082 | 0 | 4 |
_a745.1028 _bQ83p2 _223 |
| 100 | 1 |
_aQuintero Ovalle, Zandra _eautora |
|
| 245 | 1 |
_aPreparando la primera comunión ; Para decorar su hogar a través de los cristales _credacción Zandra Quintero Ovalle ; fotografía Jorge H. González |
|
| 250 | _aPrimera edición | ||
| 264 | 1 |
_aBogotá, Colombia _bPanamericana _c2008 |
|
| 300 |
_a18 páginas _bilustraciones a color y fotografías _c23 cm |
||
| 336 |
_atexto _btxt _2rdacontent |
||
| 337 |
_asin mediación _bn _2rdamedia |
||
| 338 |
_avolumen _bnc _2rdacarrier |
||
| 505 | 1 | _aCorona de flores ; Centro de mesa ; Registro primera comunión ; Tabla para servir ; Pantalla para lámpara ; Aplique traslúcido | |
| 521 | _aRecomendado a partir de los 15 años | ||
| 650 | 1 | 7 |
_aTrabajos manuales _2ARMARC |
| 650 | 1 | 7 |
_aArreglos florales _2ARMARC |
| 650 | 1 | 7 |
_aVitrales _2ARMARC |
| 700 | 1 |
_aGonzález, Jorge H. _dfotografo |
|
| 740 | _aPara decorar su hogar a través de los cristales | ||
| 942 |
_2ddc _cBK |
||
| 999 |
_c6565 _d6565 |
||